000 00364nam a22001577a 4500
003 OSt
005 20240420095227.0
008 230520b xxu||||| |||| 00| 0 eng d
020 _a8177585428
040 _cIIMT UNIVERSITY
100 _aFINAR, I.L
245 _aORGANIC CHEMISTRY
260 _aNEW DELHI
_bPEARSON INDIA
_c2022
300 _a965
942 _2ddc
_c01
999 _c56643
_d56643